| 000 | 00388cam a2200133 4500 | ||
|---|---|---|---|
| 008 | 020415n2002 000 0 eng u | ||
| 035 | _a(Sirsi) u117458 | ||
| 110 |
_aRoyal Institution of Chartered Surveyors _94900 |
||
| 245 | _aSaftey on site (sound recording) | ||
| 260 |
_bOwlion _c2002 |
||
| 490 | _aOwlion Audio Programme | ||
| 710 |
_aCollege of Estate Management _9400 |
||
| 942 | _n0 | ||
| 999 |
_c85422 _d85422 |
||